| 000 | 08043nas a22003017a 4500 | ||
|---|---|---|---|
| 003 | NALT | ||
| 005 | 20251104151738.0 | ||
| 006 | a|||p|r|||| 00| 0 | ||
| 007 | ta | ||
| 008 | 251104b th |||p| |||| 00| 0 tha d | ||
| 022 | _a01250558 | ||
| 040 | _aNALT | ||
| 041 | _atha | ||
| 245 | 0 | 0 | _aดุลพาห ปีที่ 64 ฉบับที่ 1-3 (มกราคม-ธันวาคม 2560). |
| 260 | _aอรุณการพิมพ์. | ||
| 310 | _aรายสี่เดือน. | ||
| 500 | _aวารสารเย็บเล่ม | ||
| 505 | 2 | _aปีที่ 64 ฉบับที่ 1 ม.ค.-เม.ย. 2560 -- ความผิดพลาดในกระบวนการยุติธรรมจากอคติและข้อจำกัดของมนุษย์ เมื่อกระบวนการยุติธรรมทางอาญาลงโทษผู้บริสุทธิ์ : มุมมองจากภายนอกวงการ กฎหมายไทย -- เมื่อมนุษย์นั่งบัลลังก์ศาล : เศรษฐศาสตร์พฤติกรรมว่าด้วยการพิพากษาคดี -- อคติการรู้คิดทางด้านสถิติที่สามารถเกิดขึ้นได้ในศาลยุติธรรม -- ความทรงจำที่เปลี่ยนแปลงได้ ของเรา : ผลกระทบในทางกฎหมายและในทางปฏิบัติ -- นิติจิตวิทยา-เด็กในฐานะพยาน -- การอุทธรณ์คดีล้มละลายต่อศาลอุทธรณ์คดีชำนัญพิเศษ -- สิทธิของผู้บริโภคตามกฎหมายของประเทศ อังกฤษและประเทศไทย -- สัมผัสคดีต่างประเทศ : การรื้อฟื้นคดีขึ้นพิจารณาใหม่ในประเทศฝรั่งเศสและคดี Outreau - การตัดสินคดีที่ผิดพลาด. | |
| 505 | 2 | _aปีที่ 64 ฉบับที่ 2 พ.ค.-ส.ค. 2560 -- กฎหมายกับการแก้ไขปัญหาสังคมในโลกแห่งความเป็นจริง ศาลยุติธรรมเชิงรุก : การอำนวยความยุติธรรมเชิงมนุษยธรรมผ่านกระบวนการทางจิตสังคม -- ผู้ติดยาเสพติด : ผู้ป่วยหรืออาชญากร -- ผู้เสพติดต้องการความช่วยเหลือ : คลินิกจิตสังคมมีน้ำหนักน่าเชื่อว่าคือคำตอบ -- พฤติกรรมศาสตร์ เพื่อการจัดการความเสี่ยงในการปล่อยชั่วคราว -- การประเมินคัดกรองเพื่อการบำบัดและป้องกันการกระทำผิดซ้ำคดีเด็กและเยาวชน -- หนี้นอกระบบกับความเปลี่ยนแปลงทางสังคมและกฎหมาย -- สิทธิมนุษยชนและความเป็นธรรมประเด็น ที่ดิน -- ข้อพิจารณาบางประการเกี่ยวกับค่าเสียหายเกี่ยวกับสิ่งแวดล้อม -- ปรัชญาอาชญาวิทยาในการลงโทษ : การปฏิบัติหน้าที่ของผู้พิพากษา -- กฎหมายวิธีพิจารณาความแพ่งเปรียบเทียบ ในยุคโลกาภิวัตน์ -- ความสัมพันธ์ระหว่างกระบวนพิจารณาเกี่ยวกับการฟื้นฟูกิจการของลูกหนี้กับกฎหมายเกี่ยวกับหลักประกัน : มุมมองผู้พิพากษาไทย -- สัมผัสคดีดังต่างประเทศ : มาตรการ การลงโทษภายหลังมีคำพิพากษาในประเทศฝรั่งเศส คดีนายเจโรม แกวิลและการใช้กำไลอิเล็กทรอนิกส์ -- บทแนะนำหนังสือ : หวนคืนสู่รากฐานของการศึกษากฎหมาย "ความยุติธรรม : สิ่งที่ถูกต้องควรทำคืออะไร?" -- ภาษาอังกฤษกฎหมาย (Legal English) : การเบิกความของพยาน (Witness Testimony). | |
| 505 | 2 | _aปีที่ 64 ฉบับที่ 3 ก.ย.-ธ.ค. 2560 -- กฎหมายกับเทคโนโลยีสารสนเทศ : ข้อพิจารณาว่าด้วยการกระทำความผิดตามพระราชบัญญัติว่าด้วยการกระทำความผิดเกี่ยวกับคอมพิวเตอร์ พ.ศ. 2550 และอินเทอร์เน็ตในฐานะที่เป็นช่องทางในการกระทำความผิด -- ศักยภาพและข้อจำกัดของ Big Data ในกระบวนการยุติธรรม -- กฎหมายคุ้มครองข้อมูลส่วนบุคคลกับความเป็นส่วนตัวในโลก ดิจิทัล -- มาตรการตามประมวลกฎหมายอาญาเกี่ยวกับการกลั่นแกล้งรังแกทางไซเบอร์ (Cyberbullying) -- Fintech กับกฎหมาย -- วิกฤตการณ์ Uber และ Grab ในประเทศไทยกับ ข้อเสนอแนะในการเปลี่ยนวิกฤติให้เป็นโอกาส -- การใช้เหตุผลทางกฎหมาย -- มาตรการศาลฎีกาแผนกคดีอาญาของผู้ดำรงตำแหน่งทางการเมืองที่มีผลต่อนักการเมืองไทย : กรณีศึกษา หวยบนดิน -- การพัฒนากระบวนการยุติธรรมทางอาญาที่พึงประสงค์ของไทย -- สัมผัสคดีดังต่างประเทศ : การคุ้มครองสิทธิส่วนบุคคลและสิทธิที่จะถูกลืมบนอินเทอร์เน็ต -- ภาษาอังกฤษ กฎหมาย-พยานหลักฐานดิจิทัล. | |
| 650 | 0 |
_aพยานบุคคล _931662 |
|
| 650 | 0 |
_aกระบวนการยุติธรรมทางอาญา _94283 |
|
| 850 | _aNALT | ||
| 866 | _aปีที่ 64 ฉบับที่ 1-3 (มกราคม-ธันวาคม 2560). | ||
| 942 | _cBOUND | ||
| 996 |
_aaroonthip.c _bLIBSTF _c2025-11-04 |
||
| 999 |
_c107425 _d107425 |
||
| 998 |
_h179 _j179 _k นางสาวอรุณทิพย์ จันทร์ดิษฐ์ |
||